| 000 | 00748nam a2200241 i 4500 | ||
|---|---|---|---|
| 003 | DO-SdBNP | ||
| 005 | 20241017153228.0 | ||
| 007 | ta | ||
| 008 | 241017b1980 ve ||||| |||| 00| 0 spa d | ||
| 040 |
_aDO-SdBNP _bspa _cBNPHU _erda |
||
| 082 | 4 |
_axxx _bV443b _222 |
|
| 100 | 1 |
_aVeloz Maggiolo, Marcio, _d1936-2021 _eautor _4aut. _91104 |
|
| 245 | 1 | 3 |
_aLa biografía difusa de sombra castañeda : _bnovela / _cMarcio Veloz Maggiolo |
| 264 | 1 |
_aVenezuela : _bEditores Monte Avila, _c@1980. |
|
| 300 |
_a214 páginas ; _c18 cm. |
||
| 336 |
_atexto _btxt _2rdacontent |
||
| 337 |
_asin mediación _bn _2rdamedia |
||
| 338 |
_avolumen _bnc _2rdacarrier |
||
| 490 | _aContinentes | ||
| 590 | _aInventariado, 2024/BT | ||
| 910 | _aBtavárez | ||
| 942 |
_2ddc _cLBS1 |
||
| 999 |
_c57900 _d57900 |
||